header

A Meltzer reader (Record no. 86638)

MARC details
000 -LEADER
fixed length control field 01366nam a2200337Ia 4500
100 1# - MAIN ENTRY--AUTHOR NAME
Personal name Meltzer, Donald.
245 12 - TITLE STATEMENT
Title A Meltzer reader
260 ## - PUBLICATION, DISTRIBUTION, ETC. (IMPRINT)
Place of publication London :
Name of publisher Karnac,
Year of publication 2010.
300 ## - PHYSICAL DESCRIPTION
Number of Pages xiv, 159 p.
500 ## - GENERAL NOTE
General note "Published for the Harris Meltzer Trust".
650 #0 - SUBJECT ADDED ENTRY--TOPICAL TERM
Topical Term Psychoanalysis.
Topical Term Child analysis.
700 1# - ADDED ENTRY--PERSONAL NAME
Personal name Williams, Meg Harris,
856 40 - ELECTRONIC LOCATION AND ACCESS
Uniform Resource Identifier http://site.ebrary.com/lib/rucke/Doc?id=10415383

No items available.

© 2026 Rongo University
Contact us: librarian | system librarian | Rongo university